| 000 | 00973nam a22002537a 4500 | ||
|---|---|---|---|
| 005 | 20090504104614.0 | ||
| 008 | 090504t xxu||||| |||| 00| 0 eng d | ||
| 010 | _aENG-93403 | ||
| 020 |
_a8188683493 _c400.00 |
||
| 020 |
_a9788188683499 _c400.00 |
||
| 035 | _aEN-76936 | ||
| 037 | _bDBAD / PUB | ||
| 040 |
_adpl _bEnglish |
||
| 082 | _a821.08 | ||
| 100 | _aSingh, S.N. | ||
| 245 |
_aThe Bronte sisters and their poetry: _cby S.N. Singh [and] Apeni Lotha _ban integrated theocentric study / |
||
| 260 |
_aDelhi _bAbhijeet Publications _c2004 |
||
| 270 |
_a2/46 Tukhmeerpur Extension _bDelhi _e110094 |
||
| 300 |
_aix, 174p. _c22cm (Hb) |
||
| 500 | _aIncludes bibliographical references and index | ||
| 700 | _aLotha, Apeni | ||
| 942 |
_2ddc _cEN _mSIN _h821.08 |
||
| 999 |
_c26063 _d26063 |
||